000 01093nam a22001337a 4500
999 _c533152
_d533152
008 260427b ||||| |||| 00| 0 eng d
100 _aAnand, Shaweta
_960265
245 _aStudent suicides and the governance of care in INDIA
260 _aEconomic & Political Weekly
300 _a61(8), Feb 21, 2026: p.13-16
520 _aStudent suicides in India have largely been addressed through individualised, psychocentric frameworks, despite their persistently high rates. This article examines how the Supreme Court’s 2025 interventions reframed student suicides as a failure of institutional governance and protection rather than just individual vulnerability. Drawing on judicial orders, national data, policy frameworks, and field insights, it argues that judicial urgency exposes the limits of advisory prevention and underscores structural inequalities shaping institutional capacity to protect vulnerable children.-Reproduced https://www.epw.in/journal/2026/8/commentary/student-suicides-and-governance-care-india.html
773 _aEconomic & Political Weekly
942 _cAR